| 000 | 00810nam a2200241 a 4500 | ||
|---|---|---|---|
| 003 | OSt | ||
| 005 | 20131017184142.0 | ||
| 008 | 131017s2004 ag ||||| |||| 00| 0 spa d | ||
| 040 | _cBiblioteca Medicina | ||
| 041 | _aspa | ||
| 082 | _bCONGRESOS 037 | ||
| 100 | 1 |
_aWeller, Silvana _92733 |
|
| 245 | 0 | 0 | _aSeminario I: Sexualidad y Servicios de Salud: un desafio para la gestion en VIH/SIDA |
| 250 | _a1ยบ ed. | ||
| 260 |
_aBuenos Aires _bCentro de Estudios de Estado y Sociedad _c2004 |
||
| 300 | _a27 p. | ||
| 440 | 0 |
_aSeminarios Salud y Politica Publica _92706 |
|
| 653 | _aSERVICIOS DE SALUD Y SEXUALIDAD | ||
| 653 | _aSERVICIOS DE SALUD Y VIH | ||
| 856 | _awww.cedes.org | ||
| 942 |
_2ddc _cPH |
||
| 999 |
_c1816 _d1816 |
||
| 952 |
_40 _00 _bBFM _10 _oCONGRESOS 037 _d2013-10-17 _tEj. 1 _8NFIC _70 _cCR _2ddc _yPH _aBFM |
||